000 00483nam a22001577a 4500
999 _c41114
_d41114
003 OSt
005 20210312095647.0
008 210312b ||||| |||| 00| 0 eng d
020 _a9788131773109
040 _coclc
082 _a515.33
_bMIS/F
100 _98476
_aMishra, Sanjay
245 _aFundamentals Of Mathematics :
_bDifferential Calculus /
_cSanjay Mishra
260 _aNew Delhi:
_bPearson,
_c2013.
942 _2ddc
_cBK
_h515.33
_iMIS/F
_k515.33
_mMIS/F